| 000 | 00667nam a2200217 a 4500 | ||
|---|---|---|---|
| 005 | 20231025063700.0 | ||
| 008 | 120615s2008 es r 000 0 spa d | ||
| 020 | _a9788420473185 | ||
| 035 | _aUPN01000185157 | ||
| 049 | _aI | ||
| 050 | 4 |
_aPZ76.3 _bB4.5 |
|
| 100 | 1 |
_aBenítez Reyes, Felipe, _d1960- _942408 |
|
| 245 | 1 | 3 |
_aEl caballo cobarde / _cFelipe Benítez Reyes ; il. Beatriz Martín Vidal. |
| 260 |
_aMadrid : _bAlfaguara, _c2008. |
||
| 300 |
_a37 p. : _bil. |
||
| 440 | 0 | _aAlfaguara infantil | |
| 650 | 4 |
_aCaballos _vCuentos y leyendas _95246 |
|
| 650 | 4 |
_aREYES Y GOBERNANTES - _vLITERATURA INFANTIL _911040 |
|
| 905 | _aInfantil | ||
| 999 |
_c157260 _d157260 |
||